| 000 | 01024nam a22002657a 4500 | ||
|---|---|---|---|
| 005 | 20240530110630.0 | ||
| 008 | 170118s2014 ua ak g b 000 0 ara d | ||
| 017 |
_a2013/22100 _bمصر. دار الكتب |
||
| 020 | _a9789774384308 | ||
| 040 |
_aEG-CaGPL _cEG-CaGPL |
||
| 082 | 0 | 4 |
_221 _a332.6\ _bب ر |
| 100 | 0 | _aبراق محمد | |
| 245 | 1 | 0 |
_aراس المال المخاطر : _bتجارب و نماذج عالمية / _cبراق محمد ، بن زواى محمد الشريف |
| 250 | _aط. 1 | ||
| 260 |
_aالاسكندرية : _bالمكتب الجامعى الحديث ، _c2014. |
||
| 300 |
_a136 ص. : _bايض ؛ _c24 سم. |
||
| 504 | _aيشتمل على ارجاعات ببليوجرافية | ||
| 650 | 0 | 7 |
_2qrmak _aراس المال |
| 650 | 0 | 7 |
_2qrmak _aراس المال _xاستثمار |
| 651 | _2qrmak | ||
| 653 | 0 | 4 | _aراس المال - مخاطر |
| 700 | 0 |
_aبن زواى محمد الشريف _eمؤلف مشارك |
|
| 942 |
_2ddc _cBK |
||
| 999 |
_c63243 _d63243 |
||